Proyecto para el Fortalecimiento Educación Inicial, Semestre Enero-Junio 2008 (corte financiero al 11 de agosto, préstamo del Banco Mundial) (Record no. 8612)

MARC details
000 -LEADER
campo de control de longitud fija 00498nam a2200133Ia 4500
001 - NÚMERO DE CONTROL
campo de control 921
008 - DATOS DE LONGITUD FIJA--INFORMACIÓN GENERAL
campo de control de longitud fija 241024s9999 xx 000 0 und d
082 ## - NÚMERO DE LA CLASIFICACIÓN DECIMAL DEWEY
Número de clasificación RD/372.97293/R426p/2008
100 ## - ENTRADA PRINCIPAL--NOMBRE DE PERSONA
Nombre de persona República Dominicana.Oficina de Cooperación Internacional
245 #0 - MENCIÓN DEL TÍTULO
Título Proyecto para el Fortalecimiento Educación Inicial, Semestre Enero-Junio 2008 (corte financiero al 11 de agosto, préstamo del Banco Mundial)
260 ## - PUBLICACIÓN, DISTRIBUCIÓN, ETC.
Nombre del editor, distribuidor, etc. Unidad de Monitoreo
Fecha de publicación, distribución, etc. 2008
901 ## - ELEMENTOS DE DATOS A LOCAL LDA (RLIN)
a 9/12/2010 1:34:34 p.m.

No items available.

© 2024. Todos los Derechos Reservados. Desarrollado por IDEICE